[Event "Brasschaat op 17th"]
[Site "Brasschaat"]
[Date "2017.08.19"]
[Round "1"]
[White "Dhuyvetter, Koen"]
[Black "Beukema, Stefan"]
[Result "0-1"]
[WhiteElo "1723"]
[BlackElo "2396"]
[PlyCount "62"]
[EventDate "2017.08.19"]
[EventType "swiss"]
[EventRounds "9"]
[EventCountry "BEL"]
[SourceTitle "CBM 180 Extra"]
[Source "ChessBase"]
[SourceDate "2017.10.06"]
[SourceVersion "1"]
[SourceVersionDate "2017.10.06"]
[SourceQuality "1"]

1. e4 e5 2. Nf3 Nc6 3. Bb5 a6 4. Ba4 Nf6 5. 0-0 Be7 6. Re1 b5 7. Bb3 d6 8. h3 Na5 9. d3 Nxb3 10. axb3 Bb7 11. Nbd2 0-0 12. Nf1 Re8 13. Ng3 h6 14. Be3 Bf8 15. c4 g6 16. Qc2 c5 17. Qd2 Kh7 18. Nh2 Nd7 19. Rf1 Qh4 20. Qe1 Bg7 21. f4 exf4 22. Rxf4 Qe7 23. Qf1 Rf8 24. Qe2 Rae8 25. Re1 Be5 26. Rf3 f5 27. Bf4 fxe4 28. Nxe4 Bxf4 29. Rxf4 Rxf4 30. Ng5+ Qxg5 31. Qxe8 Qxg2# 0-1

[Event "Brasschaat op 16th"]
[Site "Brasschaat"]
[Date "2016.08.20"]
[Round "1"]
[White "Dgebuadze, Alexandre"]
[Black "Dhuyvetter, Koen"]
[Result "1-0"]
[WhiteElo "2498"]
[BlackElo "1728"]
[PlyCount "55"]
[EventDate "2016.08.20"]
[EventType "swiss"]
[EventRounds "9"]
[EventCountry "BEL"]
[SourceTitle "CBM 174 Extra"]
[Source "ChessBase"]
[SourceDate "2016.10.10"]
[SourceVersion "1"]
[SourceVersionDate "2016.10.10"]
[SourceQuality "1"]

1. e4 e5 2. Bc4 Bc5 3. Nf3 Nf6 4. d3 d6 5. 0-0 0-0 6. c3 Bg4 7. Nbd2 Nbd7 8. h3 Bh5 9. Re1 c6 10. Bb3 Re8 11. Nf1 Qc7 12. Ng3 Bg6 13. Nh4 d5 14. Qf3 Nb6 15. Bg5 Qd8 16. Nhf5 h6 17. Nxh6+ gxh6 18. Bxf6 Be7 19. Bxe7 Qxe7 20. a4 a5 21. Qe3 Ra6 22. Qxh6 Rd8 23. Nh5 Bxh5 24. Qxh5 d4 25. cxd4 exd4 26. e5 Nd5 27. Re4 c5 28. Rh4 1-0

[Event "Brasschaat op 15th"]
[Site "Brasschaat"]
[Date "2015.08.15"]
[Round "1"]
[White "Dhuyvetter, Koen"]
[Black "Sandu, Mihaela"]
[Result "1/2-1/2"]
[WhiteElo "1757"]
[BlackElo "2335"]
[PlyCount "79"]
[EventDate "2015.08.15"]
[EventType "swiss"]
[EventRounds "9"]
[EventCountry "BEL"]
[SourceTitle "EXT 2016"]
[Source "ChessBase"]
[SourceDate "2015.10.08"]
[SourceVersion "1"]
[SourceVersionDate "2015.10.08"]
[SourceQuality "1"]

1. e4 c5 2. Nf3 d6 3. d4 cxd4 4. Nxd4 Nf6 5. Nc3 a6 6. Be2 g6 7. 0-0 Bg7 8. Be3 0-0 9. Rc1 Nc6 10. a3 Bd7 11. Nxc6 Bxc6 12. f3 b5 13. Nd5 e6 14. Nxf6+ Bxf6 15. c3 d5 16. Bd4 dxe4 17. Bxf6 Qxf6 18. Qd6 Rac8 19. fxe4 Qg5 20. Qf4 Qc5+ 21. Kh1 e5 22. Qf3 f5 23. b4 Qe7 24. Qe3 Bxe4 25. c4 Qb7 26. cxb5 axb5 27. Bf3 Bxf3 28. gxf3 Qd5 29. Rcd1 Qe6 30. Rfe1 Rfe8 31. Qd3 e4 32. Qxb5 Rcd8 33. Rxd8 Rxd8 34. fxe4 fxe4 35. Qe2 Re8 36. Rc1 e3 37. Re1 Qe4+ 38. Qg2 Qd4 39. Qa2+ Kg7 40. Qa1 1/2-1/2

[Event "Brasschaat op 13th"]
[Site "Brasschaat"]
[Date "2013.08.17"]
[Round "1"]
[White "Dhuyvetter, Koen"]
[Black "Hovhannisyan, Mher"]
[Result "0-1"]
[WhiteElo "1734"]
[BlackElo "2507"]
[PlyCount "80"]
[EventDate "2013.08.17"]
[EventType "swiss"]
[EventRounds "9"]
[EventCountry "BEL"]
[SourceTitle "CBM 156 Extra"]
[Source "ChessBase"]
[SourceDate "2013.10.22"]
[SourceVersion "1"]
[SourceVersionDate "2013.10.22"]
[SourceQuality "1"]

1. e4 e6 2. d4 d5 3. Nc3 Nf6 4. e5 Nfd7 5. Nf3 c5 6. Be3 cxd4 7. Bxd4 Nc6 8. Bb5 a6 9. Bxc6 bxc6 10. Ne2 Qc7 11. c3 c5 12. Be3 Nxe5 13. Nxe5 Qxe5 14. 0-0 Be7 15. Qc2 0-0 16. Rad1 Bb7 17. Bc1 Qc7 18. Qd3 e5 19. Qg3 f5 20. f4 e4 21. Kh1 a5 22. Qe3 Rfd8 23. b3 Bf6 24. Bb2 Ba6 25. Rfe1 Rd7 26. g3 Rad8 27. Kg2 Qa7 28. h3 d4 29. cxd4 cxd4 30. Qc1 e3 31. Nxd4 Bxd4 32. Bxd4 Rxd4 33. Rxd4 Qxd4 34. Qxe3 Qxe3 35. Rxe3 Rd2+ 36. Kg1 Rxa2 37. Re6 Bd3 38. Rd6 Be4 39. g4 fxg4 40. hxg4 Rg2+ 0-1

[Event "Ghent Taminco op 35th"]
[Site "Ghent"]
[Date "2012.07.14"]
[Round "1"]
[White "Goormachtigh, Johan"]
[Black "Dhuyvetter, Koen"]
[Result "1-0"]
[WhiteElo "2201"]
[BlackElo "1738"]
[PlyCount "43"]
[EventDate "2012.07.14"]
[EventType "swiss"]
[EventRounds "9"]
[EventCountry "BEL"]
[SourceTitle "CBM 149 Extra"]
[Source "ChessBase"]
[SourceDate "2012.08.24"]
[SourceVersion "1"]
[SourceVersionDate "2012.08.24"]
[SourceQuality "1"]

1. d4 Nf6 2. Nf3 e6 3. c4 c5 4. e3 Be7 5. Nc3 Nc6 6. d5 exd5 7. cxd5 Nb4 8. a3 Na6 9. d6 Bf8 10. Bc4 Qb6 11. Ne5 Qxd6 12. Qxd6 Bxd6 13. Nxf7 Rf8 14. Nxd6+ Kd8 15. 0-0 Ng4 16. f4 Nc7 17. e4 Ne8 18. Nxe8 Kxe8 19. h3 Nh6 20. f5 a6 21. f6 Rxf6 22. Rxf6 1-0

[Event "Ghent VSF-chB"]
[Site "Ghent"]
[Date "2007.05.17"]
[Round "1"]
[White "Dhuyvetter, Koen"]
[Black "De Reymaeker, Walter"]
[Result "0-1"]
[WhiteElo "1606"]
[BlackElo "2063"]
[PlyCount "48"]
[EventDate "2007.05.17"]
[EventType "swiss"]
[EventRounds "7"]
[EventCountry "BEL"]
[SourceTitle "EXT 2009"]
[Source "ChessBase"]
[SourceDate "2008.11.26"]
[SourceVersion "1"]
[SourceVersionDate "2008.11.26"]
[SourceQuality "1"]

1. e4 c5 2. Nf3 g6 3. g3 Bg7 4. Bg2 Nc6 5. 0-0 e5 6. d3 Nge7 7. Be3 d6 8. c3 0-0 9. Qd2 f5 10. Bh6 f4 11. Bxg7 Kxg7 12. Na3 Bg4 13. Nc2 Bxf3 14. Bxf3 g5 15. Ne1 Qd7 16. Qe2 Ng6 17. Bg4 Qe7 18. Bf5 Qf6 19. g4 Nh4 20. h3 Ne7 21. Ng2 f3 22. Qe3 fxg2 23. Rfe1 h5 24. f3 Neg6 0-1